Научные школы и теории современной психологии : (Запись № 13555436)

Подробности
000 -МАРКЕР
контрольное поле 01792nam0a2200301 4500
001 - ИДЕНТИФИКАТОР ЗАПИСИ
контрольное поле RU\NLR\BIBL_A\011599702
005 - ИДЕНТИФИКАТОР ВЕРСИИ
контрольное поле 20260308044108.0
010 ## - МЕЖДУНАРОДНЫЙ СТАНДАРТНЫЙ НОМЕР КНИГИ (ISBN)
Номер (ISBN) 978-5-904756-41-3
Цена 50 экз.
021 ## - НОМЕР ГОСУДАРСТВЕННОЙ РЕГИСТРАЦИИ
Код страны Российская Федерация
Номер 2017-98394
Номер Листа государственной регистраци 7085
035 ## - ДРУГИЕ СИСТЕМНЫЕ НОМЕРА
Идентификатор записи (NLR Aleph) 011599702
035 ## - ДРУГИЕ СИСТЕМНЫЕ НОМЕРА
Идентификатор записи (RuMoRGB)009497176
100 ## - ДАННЫЕ ОБЩЕЙ ОБРАБОТКИ
Данные общей обработки 20180122d2017 u y0rusy50 ca
101 0# - ЯЗЫК РЕСУРСА
Язык текста, звукозаписи и т.д. русский
102 ## - СТРАНА ПУБЛИКАЦИИ ИЛИ ПРОИЗВОДСТВА
Страна публикации Российская Федерация
105 ## - ПОЛЕ КОДИРОВАННЫХ ДАННЫХ: ТЕКСТОВЫЕ МАТЕРИАЛЫ, МОНОГРАФИЧЕСКИЕ
Кодированные данные о монографическом текстовом документе ||||zzzz0|||y
200 1# - ЗАГЛАВИЕ И СВЕДЕНИЯ ОБ ОТВЕТСТВЕННОСТИ
Основное заглавие Научные школы и теории современной психологии :
Сведения, относящиеся к заглавию учебно-методическое пособие
Первые сведения об ответственности И. В. Пономарева, Д. А. Циринг
Последующие сведения об ответственности Министерство образования и науки РФ, Федеральное государственное бюджетное образовательное учреждение высшего образования "Челябинский государственный университет", Факультет психологии и педагогики, Кафедра психологии
210 ## - ПУБЛИКАЦИЯ, РАСПРОСТРАНЕНИЕ И ДР.
Место издания, распространения и т.д. Челябинск
Имя издателя, распространителя и т. д. Печатный двор
Дата издания, распространения и т.д. 2017
215 ## - ФИЗИЧЕСКАЯ ХАРАКТЕРИСТИКА
Специфическое обозначение материала и объем 41, [1] с.
Другие сведения о физической характеристике ил.
Размеры 21 см
320 ## - ПРИМЕЧАНИЯ О НАЛИЧИИ В ДОКУМЕНТЕ БИБЛИОГРАФИИ / УКАЗАТЕЛЯ
Текст примечания Библиогр. в конце кн. и в конце тем
606 1# - НАИМЕНОВАНИЕ ТЕМЫ КАК ПРЕДМЕТ
Наименование темы Психология
Формальный подзаголовок Учебно-методические пособия для высших учебных заведений
Тематический подзаголовок История
Географический подзаголовок Россия
Хронологический подзаголовок 20 в.
Системный номер авторитетной/нормативной записи 2433649
Идентификатор авторитетной/нормативной записи RU\NLR\AUTH\661448338
686 1# - ИНДЕКСЫ ДРУГИХ КЛАССИФИКАЦИЙ
Индекс Ю91(2)6я73
700 #1 - ИМЯ ЛИЦА - ПЕРВИЧНАЯ ОТВЕТСТВЕННОСТЬ
Начальный элемент ввода Пономарева
Часть имени, кроме начального элемента ввода И. В.
Дополнения к именам, кроме дат канд. психол. наук
Даты 1986-
Расширение инициалов личного имени Ирина Владимировна
Системный номер авторитетной/нормативной записи 192074
Идентификатор авторитетной/нормативной записи RU\NLR\AUTH\770192125
701 #1 - ИМЯ ЛИЦА - АЛЬТЕРНАТИВНАЯ ОТВЕТСТВЕННОСТЬ
Начальный элемент ввода Циринг
Часть имени, кроме начального элемента ввода Д. А.
Расширение инициалов личного имени Диана Александровна
942 ## - ДОПОЛНИТЕЛЬНЫЕ ЭЛЕМЕНТЫ ЗАПИСИ (АБИС)
Тип экземпляра АБИС Неопределено
980 ## - КОЛЛЕКЦИЯ
Название коллекции НБР
980 ## - КОЛЛЕКЦИЯ
Название коллекции Национальная библиография

Нет доступных экземпляров.